[Event "30th Liechtenstein Open 2012"]
[Site "Triesen LIE"]
[Date "2012.05.11"]
[Round "1.15"]
[White "Schachinger,M"]
[Black "Kosar,M1"]
[Result "1/2-1/2"]
[WhiteElo "2385"]
[BlackElo "1915"]

1.Nf3 d5 2.g3 Nf6 3.Bg2 e6 4.c4 Be7 5.O-O O-O 6.d4 c5 7.cxd5 Nxd5 8.e4 Nf6
9.Nc3 cxd4 10.Nxd4 e5 11.Nf5 Bb4 12.Bg5 Qxd1 13.Rfxd1 Bxc3 14.Ne7+ Kh8 15.bxc3 Bg4
16.Rd6 Nbd7 17.f4 Ne8 18.Rd2 f6 19.f5 Nb6 20.Bh4 Rf7 21.Nd5 Nc4 22.Rf2 Rd7
23.Rb1 Ned6 24.h3 Bh5 25.g4 Bf7 26.g5 Bxd5 27.exd5 Rf8 28.Re1 fxg5  1/2-1/2

[Event "Asian Continental w 2012"]
[Site "Ho Chi Minh City VIE"]
[Date "2012.05.12"]
[Round "8.1"]
[White "Gomes,Mary"]
[Black "Sukandar,I"]
[Result "1-0"]
[WhiteElo "2378"]
[BlackElo "2288"]

1.Nf3 d5 2.g3 Nf6 3.Bg2 Bf5 4.d3 e6 5.O-O h6 6.Nbd2 Be7 7.b3 O-O 8.Bb2 Nbd7
9.Qe1 Bh7 10.e4 c5 11.e5 Ne8 12.Qe2 Rc8 13.c4 Nc7 14.Ne1 f6 15.f4 fxe5 16.fxe5 Rxf1+
17.Nxf1 b5 18.Ne3 bxc4 19.dxc4 d4 20.Ng4 Rb8 21.Nd3 Na6 22.Rf1 Nf8 23.Be4 Nb4
24.Bxh7+ Nxh7 25.Nxb4 Rxb4 26.Qd3 Qe8 27.Bc1 Qh5 28.Qf3 Qg6 29.Qa8+ Bf8 30.Nf2 Qc2
31.Ba3 Ng5 32.Bxb4 cxb4 33.Nd3 Nh3+ 34.Kh1 Qxd3 35.Qxf8+ Kh7 36.Qf3 Qc3 37.Qe4+ Kg8
38.Qa8+ Kh7 39.Qe4+ Kg8 40.Qg4 Ng5 41.h4 Qd3 42.Rd1  1-0

[Event "30th Liechtenstein Open 2012"]
[Site "Triesen LIE"]
[Date "2012.05.12"]
[Round "2.25"]
[White "Guenthner,O"]
[Black "Proyer,E"]
[Result "1-0"]
[WhiteElo "2261"]
[BlackElo "1839"]

1.Nf3 d5 2.g3 Nf6 3.c4 c5 4.cxd5 Nxd5 5.Bg2 Nc6 6.Nc3 e6 7.O-O Be7 8.d3 O-O
9.Bd2 Bf6 10.Rb1 Nd4 11.Ne4 Be7 12.Ne5 f5 13.Nc3 Bf6 14.Nc4 b6 15.Ne3 Bb7
16.Nexd5 Bxd5 17.Nxd5 exd5 18.e3 Nc6 19.Qb3 Ne7 20.e4 fxe4 21.dxe4 c4 22.Qa4 Qe8
23.Qa6 Qc6 24.exd5 Nxd5 25.Rfc1 Bd4 26.Be3 Rxf2 27.Bxf2 Bxf2+ 28.Kh1 Rd8
29.Rxc4 Qe6 30.Re4 Qg6 31.Rd1 Bxg3 32.Rxd5 Rxd5 33.Qc8+ Kf7 34.Qe8+  1-0

[Event "FSIM May 2012"]
[Site "Budapest HUN"]
[Date "2012.05.13"]
[Round "9"]
[White "Galyas,M"]
[Black "Korpa,B"]
[Result "1-0"]
[WhiteElo "2403"]
[BlackElo "2297"]

1.Nf3 d5 2.g3 Nf6 3.Bg2 c6 4.O-O Bg4 5.b3 Nbd7 6.Bb2 e6 7.d3 Bd6 8.Nbd2 O-O
9.h3 Bh5 10.Qe1 Qe7 11.a3 Rfe8 12.e4 dxe4 13.dxe4 e5 14.Nh4 Bg6 15.Nc4 Bc7
16.a4 Qe6 17.Nxg6 hxg6 18.Qe2 a5 19.Rfd1 Nb6 20.Ne3 Rad8 21.h4 Rxd1+ 22.Rxd1 Qe7
23.Bc3 Nc8 24.Qe1 b6 25.Nc4 Qc5 26.Bf1 Qe7 27.Bb2 Nd6 28.Ba3 c5 29.Nd2 Rd8
30.Bg2 Nb7 31.Nb1 Rxd1 32.Qxd1 Qd8 33.Qxd8+ Nxd8 34.Nd2 Nc6 35.c3 Ne8 36.Nc4 Nd6
37.Ne3 Bd8 38.f3 Kf8 39.Bf1 f6 40.Nd5 Ne7 41.Ne3 Nc6 42.Bh3 Ke8 43.Kf1 Nb8
44.Ke2 Na6 45.Nd5 Nb8 46.Kd3 Nc6 47.Ne3 Ke7 48.Bg4 Ke8 49.Be6 Ke7 50.Bd5 Kd7
51.Nc4 Ne7 52.Ba8 Nxc4 53.Kxc4 Nc8 54.Bd5 Nd6+ 55.Kd3 Bc7 56.Bc1 Ke7 57.f4 Bd8
58.fxe5 fxe5 59.g4 Kd7 60.g5 Kc7 61.Be3 Kd7 62.Bf2 Nc8 63.Bg3 Bc7 64.Bf7 Ne7
65.Kc4 Kc6 66.Be8+ Kb7 67.Bd7 Bd6 68.Kd3 Kc7 69.Be8 Kd8 70.Bf7 Kd7 71.Bf2 Kc7
72.Kc4 Kb7 73.Kb5 Bc7 74.Be1 Bd6 75.Bd2 Bc7 76.b4 axb4 77.cxb4 cxb4 78.Bxb4 Nc8
79.Bd5+ Kb8 80.Kc6 Na7+ 81.Kd7 b5 82.Bc5 Ba5 83.Bd6+  1-0

[Event "Open Hradec Kralove 2012"]
[Site "Hradec Kralove CZE"]
[Date "2012.05.13"]
[Round "2"]
[White "Kastner,O"]
[Black "Langr,J"]
[Result "0-1"]
[WhiteElo "2102"]
[BlackElo "1651"]

1.Nf3 d5 2.g3 Nf6 3.Bg2 e6 4.O-O Be7 5.b3 O-O 6.Bb2 c5 7.e3 Nc6 8.d4 c4 9.bxc4 dxc4
10.Na3 c3 11.Bc1 a6 12.Re1 Qc7 13.Nb1 Bb4 14.Qd3 Ne7 15.e4 Bd7 16.Bf4 Qa5
17.h3 Bb5 18.Qe3 Nh5 19.a3 Nxf4 20.gxf4 Rac8 21.Kh1 Ng6 22.Rg1 Bd6 23.e5 Be7
24.Kh2 Bc6 25.Bf1 Bd5 26.Bd3 Rc7 27.f5 exf5 28.Bxf5 b5 29.Ng5 b4 30.a4 Qb6
31.a5 Qc6 32.Bd3 h6 33.Ne4 Kh8 34.Ng3 Bg5 35.Qe1 Nh4 36.Be2 Re7 37.Nh5 Bf3
38.Kg3 Nf5+ 39.Kh2 Nxd4 40.Bd3 Bxh5 41.Qe4 Qxe4  0-1

[Event "ch-CZE 2012"]
[Site "Kouty nad Desnou CZE"]
[Date "2012.05.13"]
[Round "2"]
[White "Freisler,P"]
[Black "Zilka,S"]
[Result "1/2-1/2"]
[WhiteElo "2307"]
[BlackElo "2513"]

1.Nf3 d5 2.g3 c6 3.Bg2 Bg4 4.d3 e6 5.O-O Nd7 6.e4 Ne5 7.Nbd2 Nf6 8.Qe1 Nxf3+
9.Nxf3 Bxf3 10.Bxf3 Be7 11.b3 O-O 12.Bb2 Nd7 13.c4 dxe4 14.dxe4 Qc7 15.e5 Rfd8
16.Rd1 a5 17.Be4 Nc5 18.Bc2 Rxd1 19.Qxd1 Rd8 20.Qe2 g6 21.Bc3 Na6 22.Rd1 Bb4
23.Bb2 Bf8 24.Kg2 Qb6 25.Bc1 Rxd1 26.Qxd1 Qc7 27.f4 Bc5 28.h4 Nb8 29.h5 Qd7
30.Qxd7 Nxd7 31.g4 gxh5 32.gxh5 f5 33.exf6 Nxf6 34.f5 e5 35.h6 Kf7 36.Kf3 Bd6
37.Bd2 Bc7 38.Be3 Nd7 39.Bg5 Nf6 40.Bd3 Nd7 41.c5 e4+ 42.Bxe4 Nxc5 43.Bc2 Be5
44.Kg4 Bc3 45.Be3 Nd7 46.Kf4 Nf6 47.Bc1 Bb4 48.Bd3 Bd6+ 49.Kg5 Be7 50.Bc4+ Nd5+
51.Kg4 b5 52.Bxd5+ cxd5 53.a4 bxa4 54.bxa4 Bb4 55.Bb2 Bd2 56.Bg7 Ke7 57.Kf3 Bg5
58.Ke2 Bf6 59.Ke3 Bxg7 60.hxg7 Kf7 61.f6 h5 62.Kd4 h4 63.Kxd5 h3 64.Kd6 h2
65.g8=Q+ Kxg8 66.Ke7 h1=Q 67.f7+ Kh7 68.f8=Q Qe4+ 69.Kf7 Qf4+ 70.Ke7 Qxa4
71.Qf5+ Kh6 72.Kd6 Qb4+ 73.Qc5 Kg6 74.Kd5 Qb3+ 75.Kd4 a4 76.Qc3 Qa2 77.Qd3+ Kf6
78.Kc3 Qb3+ 79.Kd2 Qb2+ 80.Qc2 Qd4+ 81.Kc1 a3 82.Kb1 Qb2+ 83.Qxb2+ axb2 84.Kxb2  1/2-1/2

[Event "ch-CZE 2012"]
[Site "Kouty nad Desnou CZE"]
[Date "2012.05.13"]
[Round "2"]
[White "Jansa,Vl"]
[Black "Pokrupa,M"]
[Result "1-0"]
[WhiteElo "2454"]
[BlackElo "2216"]

1.Nf3 d5 2.g3 Nc6 3.Bg2 e5 4.d3 g6 5.O-O Bg7 6.Nbd2 Nge7 7.e4 O-O 8.c3 h6
9.b4 d4 10.Qc2 dxc3 11.Qxc3 Bg4 12.Bb2 a5 13.b5 Nd4 14.Nxd4 exd4 15.Qc2 a4
16.Ba3 Re8 17.Rfc1 c6 18.Nc4 Nc8 19.bxc6 bxc6 20.Rab1 Na7 21.Nd6 Bf8 22.Nb7 Qc8
23.Bxf8 Rxf8 24.Qc5 Nb5 25.Nd6 Nxd6 26.Qxd6 Qa6 27.Bf1 Be6 28.a3 Qa7 29.Rxc6 Rfd8
30.Qe5 Bb3 31.Rbc1 Qb8 32.Qf6 Ra7 33.Bh3 Rb7 34.Rc8  1-0

[Event "German Team Cup 2012"]
[Site "Norderstedt GER"]
[Date "2012.05.13"]
[Round "2.3"]
[White "Michna,Mart"]
[Black "Doettling,F"]
[Result "0-1"]
[WhiteElo "2385"]
[BlackElo "2582"]

1.Nf3 d5 2.g3 Nf6 3.Bg2 e6 4.O-O Be7 5.c4 O-O 6.b3 b6 7.Bb2 Bb7 8.e3 Nbd7
9.Nc3 Ne4 10.Nxe4 dxe4 11.Ne1 f5 12.d3 Bf6 13.Rb1 Bxb2 14.Rxb2 Nf6 15.Rd2 Qe7
16.dxe4 Bxe4 17.Bxe4 fxe4 18.Ng2 e5 19.g4 g5 20.f3 Rad8 21.fxe4 Rxd2 22.Qxd2 Nxg4
23.Rxf8+ Kxf8 24.Ne1 Nf6 25.Qf2 Qe6 26.Nd3 Ke7 27.Qg2 Qd6 28.Nf2 g4 29.Qg3 Ke6
30.Qh4 Qd2 31.Qh6 Kf7 32.a4 g3  0-1

[Event "FSGM May 2012"]
[Site "Budapest HUN"]
[Date "2012.05.14"]
[Round "10"]
[White "Arngrimsson,D"]
[Black "Czebe,A"]
[Result "0-1"]
[WhiteElo "2381"]
[BlackElo "2475"]

1.Nf3 d5 2.g3 Bg4 3.Bg2 Nd7 4.d4 c6 5.O-O Bxf3 6.Bxf3 e5 7.c4 e4 8.Bg2 Ngf6
9.Nc3 Be7 10.cxd5 cxd5 11.Qb3 Nb6 12.f3 exf3 13.Bxf3 O-O 14.a4 a5 15.Bg5 Ra6
16.Rad1 Ne4 17.Bxe4 dxe4 18.Be3 Bb4 19.Rf5 Qc8 20.Rdf1 Qc4 21.Qc2 Bxc3 22.Rc5 Qxa4
23.Qxc3 Qa2 24.Qc2 Nd5 25.Bd2 e3 26.Bc1 a4 27.Qe4 Nf6 28.Qc2 Nd5 29.Rd1 b6
30.Rc4 b5 31.Rc5 b4 32.Kg2 Rd8 33.Rd3  0-1

[Event "Serbia Cup Final 2012"]
[Site "Kragujevac SRB"]
[Date "2012.05.14"]
[Round "1"]
[White "Arsovic,Z"]
[Black "Zajic,Milan"]
[Result "1-0"]
[WhiteElo "2455"]
[BlackElo "2141"]

1.Nf3 d5 2.g3 Nf6 3.Bg2 c6 4.c4 Bf5 5.cxd5 cxd5 6.Qb3 Qb6 7.Qxb6 axb6 8.Nc3 Nc6
9.d3 e6 10.Nb5 Rc8 11.O-O Be7 12.Bf4 O-O 13.Rac1 h6 14.a3 Nd7 15.Bd6 Ndb8
16.h3 Bh7 17.b4 Bxd6 18.Nxd6 Rcd8 19.Nb5 d4 20.Nd2 e5 21.Nc4 Rfe8 22.Nc7 b5
23.Nxb5 e4 24.Rfd1 exd3 25.exd3 Re7 26.Nbd6 Rdd7 27.b5 Nd8 28.Ne4 Bxe4 29.Bxe4 Rc7
30.Nb6 Ne6 31.Nd5 Rxc1  1-0

[Event "Open Hradec Kralove 2012"]
[Site "Hradec Kralove CZE"]
[Date "2012.05.15"]
[Round "4"]
[White "Kastner,O"]
[Black "Szucs,Matyas"]
[Result "1-0"]
[WhiteElo "2102"]
[BlackElo "1861"]

1.Nf3 d5 2.g3 Nf6 3.Bg2 Bf5 4.O-O e6 5.c4 c6 6.Qb3 Qb6 7.Nc3 Nbd7 8.d3 Qxb3
9.axb3 Nc5 10.Nd4 Bg6 11.b4 Ncd7 12.cxd5 exd5 13.b5 c5 14.Nb3 Nb6 15.Na5 d4
16.Nb1 Nfd5 17.Nc4 Nxc4 18.dxc4 Ne7 19.Bf4 Bh5 20.Re1  1-0

[Event "Open Hradec Kralove 2012"]
[Site "Hradec Kralove CZE"]
[Date "2012.05.16"]
[Round "6"]
[White "Pulpan,Matej"]
[Black "Flasar,Jaroslav"]
[Result "1-0"]
[WhiteElo "1749"]
[BlackElo "1961"]

1.Nf3 d5 2.g3 c5 3.Bg2 Nc6 4.d4 cxd4 5.Nxd4 e5 6.Nxc6 bxc6 7.c4 Nf6 8.Nc3 e4
9.Bg5 Bb4 10.cxd5 cxd5 11.Qa4+ Bd7 12.Qxb4 Rb8 13.Qa3 Bc6 14.O-O h6 15.Bxf6 Qxf6
16.Rad1 Qe5 17.Qc5 Qe6 18.Nxd5 Bxd5 19.Rxd5 f6 20.Rfd1 Rf8 21.Rd6 Qc8 22.Qh5+ Ke7
23.Bh3 f5 24.Qg6 Rb7 25.Qxg7+ Rf7 26.Qe5+  1-0

[Event "ch-CZE 2012"]
[Site "Kouty nad Desnou CZE"]
[Date "2012.05.16"]
[Round "5"]
[White "Cernousek,L"]
[Black "Folkova,M"]
[Result "1-0"]
[WhiteElo "2440"]
[BlackElo "2144"]

1.Nf3 d5 2.g3 g6 3.Bg2 Bg7 4.d4 Nf6 5.O-O O-O 6.c4 dxc4 7.Na3 c3 8.bxc3 c5
9.e3 Nc6 10.Qe2 Bf5 11.Nc4 Ne4 12.Bb2 Bf6 13.a4 Qc7 14.Rfc1 Na5 15.Nfd2 Nxd2
16.Nxd2 c4 17.e4 Bd7 18.e5 Bg5 19.f4 Bh6 20.Rf1 Bf5 21.Ne4 Qc8 22.Bf3 Bh3
23.Rf2 Nb3 24.Rd1 Bd7 25.Ba3 Re8 26.d5 Bxa4 27.d6 Bf8 28.Bg4 Qc6 29.Bd7 Nc1
30.Rxc1 Qxd7 31.dxe7 Bxe7 32.Bxe7 Qxe7 33.Nf6+ Kg7 34.Qxc4 Bc6 35.Nxe8+ Qxe8
36.Rd1 a5 37.Qd4 Qe6 38.f5 gxf5 39.g4 Rg8 40.Rxf5 Kh8 41.Kf2 a4 42.h3 Re8
43.Qf4 Re7 44.Rd8+ Be8 45.Rd6 Qa2+ 46.Kg3 Qa1 47.Qd2 Qg1+ 48.Kh4 a3 49.Rh6 Qb1
50.Rfh5 b5 51.Qf2 Kg8 52.Rg5+ Kf8 53.Qf6 Re6 54.Qh8+ Ke7 55.Rxe6+ fxe6 56.Qf6+ Kd7
57.Rg7+  1-0

[Event "71st ch-GEO 2012"]
[Site "Tbilisi GEO"]
[Date "2012.05.16"]
[Round "4"]
[White "Pantsulaia,L"]
[Black "Javakhadze,Z"]
[Result "1/2-1/2"]
[WhiteElo "2581"]
[BlackElo "2418"]

1.Nf3 d5 2.g3 c6 3.Bg2 Nf6 4.c4 dxc4 5.O-O Nbd7 6.Na3 Nb6 7.Qc2 g6 8.Nxc4 Nxc4
9.Qxc4 Bg7 10.d3 O-O 11.Qc2 h6 12.b3 Be6 13.Bb2 Rc8 14.Be5 c5 15.Qb2 Qb6
16.Rfc1 Ne8 17.Rc2 f6 18.Bf4 g5 19.Bd2 Nc7 20.d4 f5 21.Bc3 c4 22.bxc4 Bxc4
23.Qc1 Nb5 24.Bb2 Be6 25.e3 Rxc2 26.Qxc2 Rc8 27.Qd3 Nd6 28.Ba3 Ne4 29.Rc1 Rxc1+
30.Bxc1 Bxa2 31.Nd2 Bd5 32.Nxe4 Qc6 33.Qa3 fxe4 34.Bf1 e6 35.Bd2 a6 36.Qe7 Bf8
37.Qd8 Qd6 38.Qe8 Kg7 39.Be2 Bc6 40.Qa8 Be7 41.Bg4 Qd7 42.Kg2 Bd5 43.Qa7 Qc7
44.Qa8 Qd8 45.Qa7 Qc7 46.Qa8 Bd8 47.Qa7 a5 48.Be2 Kf6 49.Bf1 Ke7 50.Be1 Kd7
51.Bb5+ Ke7 52.Bf1 Kf6 53.Be2 Kg6 54.h3 h5 55.Bf1 h4 56.gxh4 gxh4 57.Be2 Kf6
58.Bf1 b6 59.Qa6 Qc1 60.Qe2 Bc7 61.Qh5 Ke7 62.Bb5 Bc6 63.Qxh4+ Kd7 64.Qh7+ Kc8
65.Bxc6 Qxc6 66.h4 Qd5 67.h5 Qg5+ 68.Kf1 Qb5+ 69.Kg2 Qg5+ 70.Kf1 e5  1/2-1/2

[Event "TUR-ALG Friendship m 2012"]
[Site "Ankara TUR"]
[Date "2012.05.17"]
[Round "5"]
[White "Haddouche,M"]
[Black "Ali Marandi,C"]
[Result "0-1"]
[WhiteElo "2442"]
[BlackElo "2351"]

1.Nf3 d5 2.g3 Bg4 3.Bg2 Nd7 4.d3 e6 5.O-O Bd6 6.Nbd2 Ne7 7.b3 O-O 8.Bb2 a5
9.a3 c6 10.c4 b5 11.cxb5 cxb5 12.Rc1 Qb6 13.e4 Bh5 14.Qe2 d4 15.h3 e5 16.g4 Bg6
17.Nh4 f6 18.f4 Bf7 19.Nf5 Ng6 20.fxe5 fxe5 21.h4 Rac8 22.Nf3 Nf4 23.Qd2 Rc3
24.Bxc3 dxc3+ 25.Qf2 Ne2+ 26.Kh2 Qxf2 27.Rxf2 Nxc1 28.Nxd6 Bxb3 29.Bf1 c2
30.Nf5 Rxf5 31.exf5 Nxd3 32.Bxd3 c1=Q 33.Bxb5 Qc5  0-1

[Event "ch-CZE 2012"]
[Site "Kouty nad Desnou CZE"]
[Date "2012.05.17"]
[Round "6"]
[White "Voloshin,L"]
[Black "Pecha,T"]
[Result "1-0"]
[WhiteElo "2434"]
[BlackElo "2243"]

1.Nf3 d5 2.g3 c6 3.Bg2 Nf6 4.O-O Bg4 5.h3 Bh5 6.d3 Nbd7 7.Nbd2 e5 8.e4 dxe4
9.dxe4 Bxf3 10.Qxf3 Bc5 11.Nc4 Qc7 12.Ne3 g6 13.a4 O-O 14.Bd2 Rfe8 15.b4 Bf8
16.Nc4 Bg7 17.Qb3 Nb6 18.Nb2 Rad8 19.Be3 Nfd7 20.a5 Nc8 21.Nc4 Nf8 22.h4 Ne6
23.c3 Rd3 24.Qc2 Red8 25.Rfe1 Qe7 26.Bf1 R3d7 27.Bh3 Rd3 28.Rad1 Rxd1 29.Rxd1 Qc7
30.Bxe6 fxe6 31.Bg5 Rd7 32.Rxd7 Qxd7 33.Qd2 Qxd2 34.Bxd2 b5 35.axb6 axb6
36.Be3 b5 37.Na5 Nd6 38.f3 Nc4 39.Kf2 Nb2 40.Ke2 Na4 41.Kd2 c5 42.bxc5 Bf8
43.Nb7 Kf7 44.Kc2 Ke8 45.c6  1-0

[Event "Serbia Cup Final 2012"]
[Site "Kragujevac SRB"]
[Date "2012.05.17"]
[Round "4"]
[White "Djosic,S"]
[Black "Pecelj,N"]
[Result "1-0"]
[WhiteElo "2238"]
[BlackElo "2165"]

1.Nf3 d5 2.g3 c5 3.Bg2 Nc6 4.O-O Nf6 5.d3 e6 6.Nbd2 Be7 7.e4 O-O 8.Qe2 Qc7
9.Re1 b5 10.a4 b4 11.b3 Ba6 12.Bb2 Rac8 13.Rac1 Rfd8 14.exd5 exd5 15.Nh4 Qd7
16.Qf1 Qc7 17.Nf5 Bf8 18.Qe2 d4 19.Qf3 Bb7 20.Bh3 Rb8 21.Rcd1 Ne5 22.Qe2 Re8
23.Ne4 Nxe4 24.dxe4 g6 25.Nh4 Be7 26.Ng2 f5 27.f4 fxe4 28.fxe5 Qxe5 29.Nf4 Bg5
30.Qc4+ Kg7 31.Rxd4 Kh6 32.Rdxe4 Qxb2 33.Rxe8  1-0

[Event "HC Andersen Mindgames"]
[Site "Odense DEN"]
[Date "2012.05.17"]
[Round "3.2"]
[White "Danielsen,Hen"]
[Black "Skytte,R"]
[Result "1-0"]
[WhiteElo "2498"]
[BlackElo "2394"]

1.g3 d5 2.Nf3 Bg4 3.Bg2 c6 4.c4 e6 5.cxd5 exd5 6.O-O Nd7 7.d3 Ngf6 8.Nc3 Bc5
9.Qb3 Qc8 10.Bf4 O-O 11.e4 dxe4 12.dxe4 Nb6 13.Qc2 Re8 14.Rfe1 Bf8 15.Bg5 Nfd7
16.h3 Bh5 17.Bf4 Nc4 18.g4 Bg6 19.Bf1 Ncb6 20.Bg3 Nc5 21.Nh4 Ne6 22.f4 Qc7
23.Qh2 Bd6 24.e5 Bc5+ 25.Kh1  1-0

[Event "Asian Nations Chess Cup w"]
[Site "Zaozhuang CHN"]
[Date "2012.05.17"]
[Round "1"]
[White "Gomes,Mary"]
[Black "Guo Qi"]
[Result "1-0"]
[WhiteElo "2378"]
[BlackElo "2360"]

1.Nf3 d5 2.g3 Bg4 3.Bg2 Nd7 4.O-O c6 5.d3 e6 6.Nbd2 Bd6 7.b3 Ne7 8.Bb2 O-O
9.e4 a5 10.a3 Qb6 11.Qe1 a4 12.b4 c5 13.e5 Bc7 14.c4 Rfd8 15.h3 Bf5 16.Qe2 dxc4
17.dxc4 Nc6 18.Nh4 Bxe5 19.Bxe5 Ncxe5 20.Nxf5 exf5 21.b5 Qc7 22.f4 Ng6 23.Nb1 Nf6
24.Nc3 Rd7 25.Qc2 Ne7 26.Rfe1 Rad8 27.Re2 h5 28.Rae1 h4 29.b6 Qxb6 30.Rxe7 Rd2
31.Qb1 Rb2 32.Qxf5 Qb3 33.Bd5 Qxc3 34.Re8+  1-0

[Event "ch-CZE 2012"]
[Site "Kouty nad Desnou CZE"]
[Date "2012.05.18"]
[Round "7"]
[White "Sikorova,O"]
[Black "Olsarova,T"]
[Result "0-1"]
[WhiteElo "2271"]
[BlackElo "2209"]

1.Nf3 d5 2.g3 Nf6 3.Bg2 Bf5 4.O-O e6 5.d3 h6 6.Nbd2 Be7 7.b3 c5 8.Bb2 Nc6
9.c4 O-O 10.cxd5 exd5 11.Ne5 Nxe5 12.Bxe5 Rc8 13.e4 Be6 14.Qe2 Qd7 15.Bb2 Rfd8
16.e5 Ne8 17.f4 b5 18.Rac1 a5 19.Bf3 c4 20.Bd4 Bf5 21.Rfe1 Bxd3 22.Qf2 Ba3
23.Rc3 Bb4 24.Rxd3 cxd3 25.e6 fxe6 26.Bg4 Rc6 27.a3 Bxa3 28.Nf3 Nf6 29.Bh3 Ne4
30.Qe3 d2 31.Rf1 Qc8 32.Qd3 Bb4 33.f5 Rc1 34.Nxd2 Bxd2 35.fxe6 Rxf1+ 36.Qxf1 Qc1  0-1

[Event "HC Andersen Mindgames"]
[Site "Odense DEN"]
[Date "2012.05.18"]
[Round "4.7"]
[White "Tari,A"]
[Black "Lund,E"]
[Result "0-1"]
[WhiteElo "2216"]
[BlackElo "2401"]

1.Nf3 d5 2.g3 Nc6 3.d4 Bg4 4.Bg2 e6 5.O-O Nf6 6.c4 Bd6 7.Nc3 dxc4 8.Qa4 O-O
9.Qxc4 Re8 10.Ng5 h6 11.Nge4 Nxe4 12.Nxe4 e5 13.Nxd6 cxd6 14.Bxc6 bxc6 15.dxe5 Qd7
16.f3 Bh3 17.Rd1 Rxe5 18.Bf4 Re6 19.e4 Rae8 20.Rac1 g5 21.Be3 d5 22.Bf2 Qe7
23.exd5 cxd5 24.Qxd5 Re2 25.Re1 Qf6 26.Rxe2 Rxe2 27.g4 Bxg4 28.Rc3 Be6 29.Qb5 Rd2
30.Rd3 Qxb2 31.Qxb2 Rxb2 32.Bxa7 Rxa2 33.Bf2 Bh3 34.Re3 Kg7 35.f4 Be6 36.Bg3 Kg6
37.Rf3 Bh3 38.Rc3 f5 39.Be1 Bg4 40.h3 Be2 41.Bg3 Ra4 42.Kf2 Bc4 43.h4 g4
44.Rc2 Bd5 45.Rd2 Be4 46.Kg1 Ra3 47.Be1 g3 48.Re2 Kh5 49.Rd2 Kg4 50.h5 Kxh5
51.Re2 Kg4 52.Bxg3 Rxg3+  0-1

[Event "HC Andersen Mindgames"]
[Site "Odense DEN"]
[Date "2012.05.18"]
[Round "5.10"]
[White "Haub,TM"]
[Black "Pedersen,NicK"]
[Result "1-0"]
[WhiteElo "2476"]
[BlackElo "2138"]

1.Nf3 d5 2.g3 g6 3.d3 Bg7 4.Nbd2 c6 5.Bg2 e5 6.e4 Ne7 7.O-O O-O 8.a4 a5 9.b3 Re8
10.Bb2 Nd7 11.Re1 Qc7 12.Nf1 d4 13.h3 b5 14.N1d2 Nb6 15.Rf1 bxa4 16.bxa4 c5
17.Ne1 c4 18.dxc4 Ba6 19.Nd3 Nxc4 20.Nxc4 Bxc4 21.f4 f6 22.Rf2 Nc6 23.h4 Nb4
24.h5 Rac8 25.hxg6 hxg6 26.fxe5 Bxd3 27.exf6 Bxc2 28.Qg4 Qf7 29.fxg7 Qxg7
30.Raf1 Bb3 31.Rf6 Rc6 32.Bxd4 Ree6 33.e5 Ra6 34.Be4 Bc4 35.R1f2 Qh6 36.Bxg6 Rxf6
37.exf6 Qc1+ 38.Kg2 Be6 39.Bf7+  1-0

[Event "71st ch-GEO 2012"]
[Site "Tbilisi GEO"]
[Date "2012.05.18"]
[Round "6"]
[White "Arutinian,D"]
[Black "Beradze,I"]
[Result "1/2-1/2"]
[WhiteElo "2561"]
[BlackElo "2298"]

1.Nf3 d5 2.g3 c6 3.Bg2 Bf5 4.c4 e6 5.cxd5 cxd5 6.Qb3 Qc8 7.Nc3 Nc6 8.d3 Nf6
9.O-O Be7 10.h3 O-O 11.Re1 d4 12.g4 Bxg4 13.hxg4 dxc3 14.g5 cxb2 15.Bxb2 Nd5
16.Rac1 Qd8 17.Qxb7 Rb8 18.Qxc6 Rxb2 19.Qc4 Bxg5 20.Rb1 Bf6 21.Rxb2 Bxb2
22.Rb1 Bc3 23.d4 Ba5 24.e3 Qc8 25.Ne5 Qxc4 26.Nxc4 Bb6 27.Bxd5 exd5 28.Nxb6 Rb8
29.Rb5 axb6 30.Rxd5 g6 31.Rb5 Ra8 32.Rxb6 Rxa2 33.Kg2 h5 34.Kg3  1/2-1/2

[Event "Asian Nations Chess Cup"]
[Site "Zaozhuang CHN"]
[Date "2012.05.18"]
[Round "2.1"]
[White "Camacho Collados,J"]
[Black "Gundavaa,B"]
[Result "1/2-1/2"]
[WhiteElo "2353"]
[BlackElo "2516"]

1.Nf3 d5 2.g3 Nf6 3.Bg2 c6 4.O-O Bf5 5.d3 h6 6.c4 e6 7.Nbd2 Be7 8.cxd5 cxd5
9.Qb3 Qc7 10.Nd4 Bh7 11.N2f3 Nbd7 12.Bf4 Qb6 13.Rfc1 Bc5 14.Qxb6 Bxb6 15.Nb5 O-O
16.a4 a6 17.Nd6 Rab8 18.a5 Bd8 19.Nc8 Ra8 20.Bd6 Re8 21.Bb4 Rb8 22.Bd6 Ra8
23.Bb4 Rb8 24.Bd6 Ra8 25.Bb4  1/2-1/2

[Event "Salento Open 2012"]
[Site "Gallipoli ITA"]
[Date "2012.05.19"]
[Round "1"]
[White "Collutiis,D"]
[Black "Akshat,Chandra"]
[Result "1-0"]
[WhiteElo "2513"]
[BlackElo "2146"]

1.g3 d5 2.Nf3 Nf6 3.c4 c6 4.Bg2 g6 5.b3 Bg7 6.Bb2 O-O 7.O-O a5 8.d3 Na6 9.Nbd2 Qb6
10.a3 Bg4 11.Qc2 Rac8 12.Bc3 Nd7 13.Bxg7 Kxg7 14.Qb2+ f6 15.h3 Bxf3 16.Bxf3 d4
17.b4 c5 18.b5 Nc7 19.Rfe1 e5 20.Bg2 Rfe8 21.Rab1 Rcd8 22.a4 Ne6 23.Nb3 Qc7
24.b6 Nxb6 25.Nxd4 cxd4 26.Qxb6 Qxb6 27.Rxb6 Nc5 28.Rb5 Nxa4 29.Rxb7+ Kh6
30.Bc6 Nc5 31.Rb5 Re7 32.Rxc5 Rc7 33.Rb1 Rd6 34.Rb6 Ra7 35.Rd5 Re6 36.Rb7 Rd6
37.Rc5  1-0

[Event "Serbia Cup Final 2012"]
[Site "Kragujevac SRB"]
[Date "2012.05.19"]
[Round "6"]
[White "Chelushkina,I"]
[Black "Skoko,Mil"]
[Result "1-0"]
[WhiteElo "2241"]
[BlackElo "2206"]

1.g3 d5 2.Nf3 c6 3.Bg2 Bg4 4.Ne5 Bh5 5.d4 e6 6.O-O Nf6 7.c4 Nbd7 8.Nc3 Be7
9.cxd5 Nxe5 10.dxe5 Nxd5 11.Ne4 Bg6 12.Nd6+ Bxd6 13.exd6 Nb6 14.e4 f6 15.b3 O-O
16.f4 Nd7 17.Be3 e5 18.f5 Bf7 19.Rf2 a5 20.Rc1 a4 21.b4 g5 22.fxg6 hxg6 23.Bh3 Kg7
24.Qg4 Nb6 25.d7 Nc4 26.Bc5 b6 27.Bxf8+ Qxf8 28.Rcf1  1-0

[Event "HC Andersen Mindgames"]
[Site "Odense DEN"]
[Date "2012.05.19"]
[Round "6.8"]
[White "Smith,Ax"]
[Black "Rostgaard,T"]
[Result "1-0"]
[WhiteElo "2483"]
[BlackElo "2255"]

1.Nf3 d5 2.g3 Nf6 3.Bg2 e6 4.O-O Be7 5.c4 O-O 6.d4 c6 7.Qc2 b6 8.Rd1 Bb7
9.Nc3 Nbd7 10.b3 Rc8 11.e4 dxe4 12.Ng5 h6 13.Ngxe4 Nxe4 14.Qxe4 Nf6 15.Qe2 Bb4
16.Bb2 Qc7 17.a3 Be7 18.Bc1 Qb8 19.Bf4 Qa8 20.b4 Ba6 21.Ne4 Rfd8 22.Nxf6+ Bxf6
23.Be5 Bxe5 24.dxe5 Bb7 25.c5 bxc5 26.bxc5 a5 27.Rd6 Ba6 28.Qe4 Rf8 29.Qd4 Qb7
30.Be4 Qb5 31.h4 Qc4 32.Qxc4 Bxc4 33.Bxc6 Rc7 34.Rc1 Be2 35.Be4 g6 36.c6 Rfc8
37.Rc5 a4 38.f3 Rb8 39.Rd7 Rbc8 40.Kf2 Ba6 41.Rxc7 Rxc7 42.Ra5 Bc4 43.Rxa4 Bb5
44.Rb4  1-0

[Event "HC Andersen Mindgames"]
[Site "Odense DEN"]
[Date "2012.05.19"]
[Round "6.7"]
[White "Tari,A"]
[Black "Rusev,K"]
[Result "0-1"]
[WhiteElo "2216"]
[BlackElo "2525"]

1.Nf3 d5 2.g3 c6 3.Bg2 Nf6 4.O-O Bf5 5.b3 h6 6.c4 e6 7.Bb2 Be7 8.d3 O-O 9.Nbd2 Nbd7
10.Rc1 Bh7 11.Qc2 a5 12.a3 Bd6 13.Qb1 Qe7 14.Qa1 Rfe8 15.Rfe1 Qf8 16.e4 dxe4
17.dxe4 e5 18.Nh4 Nc5 19.Qb1 Ne6 20.Nf5 Bxa3 21.Bxe5 Bxc1 22.Bd6 Bxd2 23.Re2 Bb4
24.Bxf8 Kxf8 25.Qb2 Bxf5 26.exf5 Nc5 27.Bf3 Rxe2 28.Qxe2 Nxb3 29.Qb2 a4 30.Bd1 a3  0-1

[Event "HC Andersen Mindgames"]
[Site "Odense DEN"]
[Date "2012.05.19"]
[Round "7.9"]
[White "Jacobsen,Bo"]
[Black "Frisk,E"]
[Result "1-0"]
[WhiteElo "2337"]
[BlackElo "2181"]

1.Nf3 d5 2.g3 Nf6 3.Bg2 e6 4.O-O Be7 5.c4 O-O 6.d4 dxc4 7.Qc2 b5 8.a4 b4
9.Ne5 Qxd4 10.Nxc4 Nd5 11.Rd1 Qc5 12.Be3 Nxe3 13.Nxe3 Qxc2 14.Nxc2 c6 15.Nd2 Nd7
16.Nc4 Nf6 17.Na5 Bd7 18.Nd4 Nd5 19.e4 Nb6 20.Naxc6 Bc5 21.e5 Nd5 22.Rac1 Bxd4
23.Rxd4 Bxc6 24.Rxc6 Rfd8 25.Bxd5 exd5 26.Kf1 Kf8 27.Ke1 Rac8 28.Rxc8 Rxc8
29.Rxb4 Rc2 30.b3 a5 31.Rb5 Rb2 32.Rxd5 Rxb3 33.h4 Ra3 34.Rxa5 Ra2 35.Ra7 h5
36.a5 g6 37.a6 Kg8 38.f4 Kf8 39.Kd1 Kg8 40.Kc1 Kf8 41.Kb1 Ra3 42.Kb2 Ra5
43.Kb3 Ra1 44.e6 fxe6 45.Kb4 Rg1 46.Rb7 Ra1 47.a7  1-0

[Event "Deltalift Open 2012"]
[Site "Tylosand SWE"]
[Date "2012.05.19"]
[Round "7.9"]
[White "Reid,G"]
[Black "Hector,J"]
[Result "0-1"]
[WhiteElo "2139"]
[BlackElo "2560"]

1.Nf3 d5 2.g3 Nc6 3.Bg2 e5 4.d3 f5 5.O-O Nf6 6.Nc3 d4 7.Nb1 Be6 8.c3 Qd7
9.Qa4 a6 10.c4 Bd6 11.a3 h6 12.b4 O-O 13.e3 e4 14.dxe4 fxe4 15.Nfd2 dxe3
16.fxe3 Be5 17.Ra2 Qd3 18.Qc2 Qxe3+ 19.Kh1 Nd4 20.Qd1 Bg4 21.Nf3 exf3  0-1

[Event "Serbia Cup Final 2012"]
[Site "Kragujevac SRB"]
[Date "2012.05.20"]
[Round "7"]
[White "Chelushkina,I"]
[Black "Milanovic,Da"]
[Result "1-0"]
[WhiteElo "2241"]
[BlackElo "2532"]

1.g3 d5 2.Nf3 Bg4 3.h3 Bxf3 4.exf3 g6 5.f4 Bg7 6.Bg2 e6 7.d3 Qd6 8.Nd2 Nd7
9.Nf3 Ne7 10.O-O O-O 11.a4 c5 12.c3 b6 13.Re1 a6 14.h4 b5 15.h5 b4 16.cxb4 cxb4
17.hxg6 hxg6 18.a5 Nc6 19.d4 Qc7 20.g4 Rfe8 21.Ne5 Ndxe5 22.fxe5 Nxa5 23.Re3 Rec8
24.Rh3 Qc2 25.Qf3 Qxc1+ 26.Rxc1 Rxc1+ 27.Bf1 Rac8 28.Qf4 Rb1 29.Kg2 Rxb2
30.Bxa6 Rc3 31.Bb5 Rxh3 32.Be8 Rc3 33.Bxf7+ Kh7 34.g5 Bh8 35.Bxe6  1-0

[Event "HC Andersen Mindgames"]
[Site "Odense DEN"]
[Date "2012.05.20"]
[Round "9.2"]
[White "Danielsen,Hen"]
[Black "Hagen,Andr"]
[Result "1/2-1/2"]
[WhiteElo "2498"]
[BlackElo "2445"]

1.g3 d5 2.Nf3 c6 3.Bg2 Bg4 4.c4 e6 5.cxd5 Bxf3 6.Bxf3 cxd5 7.O-O Nc6 8.d3 Nf6
9.Nc3 Be7 10.Bg2 O-O 11.Bd2 a6 12.Qb3 Na5 13.Qd1 Nc6 14.Qb3 Na5 15.Qd1  1/2-1/2